Tvrz a zámek v Dolejším Krušci u Hartmanic
| Titel: | Tvrz a zámek v Dolejším Krušci u Hartmanic |
|---|---|
| Verfasser: | |
| In: |
Zlatá stezka, Band 6 (1999), Seite 145-164 alle Artikel anzeigen |
| Veröffentlicht: | 1999 |
| Format: | Aufsatz |
| Sprache: | Tschechisch |
X
alg: 39298344 001A $01999:11-11-16 001B $01999:28-04-17 $t15:27:00.000 001C $06050:19-11-16 $t22:36:38.000 001D $01999:11-11-16 001U $0utf8 001X $00 002@ $0Aox 003@ $0392983443 007A $0392983443 $aHEB 007T $0Herdp18054 010@ $acze 011@ $a1999 021A $aTvrz a zámek v Dolejším Krušci u Hartmanic 028A $7133924920 $8Úlovec, Jiří$Z1957- [Tp1] $9194970418 031A $d6 $h145-164 $j1999 037A $aRés. něm. s. 164: Die kleine Festung und das Schloss in Unter-Körnsalz bei Hartmanitz 039B $aIn $8--Abvc--. Zlatá stezka. - Prachatice, 1994- $x199900000060000855 $9070440182 045T $a7,41 lok: 39298344 78 exp: 39298344 78 1 #EPN 201B/01 $026-11-17 $t01:21:42.000 201U/01 $0utf8 203@/01 $0789093758 208@/01 $a11-11-16 $be 209A/01 $a/ $f000 $x00 220C/01 $aHerkunft: Hú Av Čr Praha 244Z/01 $#Tschechien $#Tschechische Republik $#Tschechische Republik $#Tschechenland $#Tschechei Tschechien $#Česká Republika $#Czech Republic $#ČR $74303381-7 $8--Tg1--Tschechien $x01 $9086659812 244Z/01 $2Trx $#Böhmen $#Bohemia $#Czechy $8--Trx--Čechy $x02 $9391188941 244Z/01 $2Trx $#Unterkörnsalz Schüttenhofen $8--Trx--Dolejší Krušec$gKlatovy $x03 $939130058X 244Z/01 $aGeschichte 1623-1949 $x04 244Z/01 $2Trx $#kindlus $#tvirtovės $#Fortresses $#erödítmények $#twierdze $#pevnosti $#pevnosti $#opevňovacie zariadenie $#tvrze $8--Trx--Festungen $x05 $9391369016 244Z/01 $2Trx $#lossid ja paleed $#pilys ir rūmai $#Castles and palaces $#kastélyok és paloták $#zamki i pałace $#zámky a paláce $#zámky a paláce $#Paläste $#Architektur Schlösser $#pałace $#paláce $#paláce $8--Trx--Schlösser und Paläste $x06 $9391360531 244Z/01 $2Trx $#asundusajalugu $#kolonizacija $#history of settlements $#településtörténet $#osadnictwo $#dejiny osídlenia $#dějiny osídlení $#osídlenie $#osídlení $8--Trx--Siedlungsgeschichte $x07 $9391357131 244Z/01 $2Trx $#suurmaaomandus $#stambioji žemės nuosavybė $#large estate $#nagyobb földbirtok $#wielka posiadłość ziemska $#veľkostatky $#velkostatky $8--Trx--Großgrundbesitz $x08 $9391367773 244Z/01 $2Trx $8--Trx--Zeitschriftenaufsatz $x09 $9391384341 247C/01 $82080>Marburg/Lahn, Herder-Institut, Forschungsbibliothek, Bibliographieportal $9336309341
| LEADER | 00000caa a22000002c 4500 | ||
|---|---|---|---|
| 001 | 392983443 | ||
| 003 | DE-603 | ||
| 005 | 20170428152700.0 | ||
| 007 | tu | ||
| 008 | 161111s1999 xx |||| | u00||u|cze c | ||
| 035 | |a (DE-599)HEB392983443 | ||
| 040 | |a DE-603 |b ger |c DE-603 |d DE-603 | ||
| 041 | |a cze | ||
| 084 | |a 7,41 |2 ssgn | ||
| 100 | 1 | |a Úlovec, Jiří |d 1957- |0 (DE-603)194970418 |0 (DE-588)133924920 |2 gnd | |
| 245 | 0 | 0 | |a Tvrz a zámek v Dolejším Krušci u Hartmanic |
| 264 | 0 | |c 1999 | |
| 500 | |a Rés. něm. s. 164: Die kleine Festung und das Schloss in Unter-Körnsalz bei Hartmanitz | ||
| 773 | 0 | 8 | |i In |t Zlatá stezka |d Prachatice, 1994- |g Band 6 (1999), Seite 145-164 |w (DE-603)070440182 |w (DE-600)1344104-8 |
| 924 | 0 | |9 2080 |a (DE-603)789093758 |b DE-2080 |c HES |d d |g / | |


